| 000 | 01620nam a22004697a 4500 | ||
|---|---|---|---|
| 003 | OSt | ||
| 005 | 20230629083229.0 | ||
| 008 | 170318s2016 gt||||| |||| 00| 0 spa d | ||
| 040 | _cLado V | ||
| 082 | 0 | 4 |
_a700 _bJ91a |
| 100 |
_aJuarez M., Juan Bautista _9861 _eeditor |
||
| 245 | 1 | 0 |
_aArtefacto/ _bRevista de Arte y Cultura en Blanco y Negro/ |
| 260 |
_aNicaragua _bArtes Graficas y Ediciones _c1993 |
||
| 300 |
_a62p. _c22x28 cm |
||
| 490 |
_a7 _v1993 |
||
| 505 | _aPortada | ||
| 505 | _aRequiem para una Infanta Difunta | ||
| 505 | _aEnsayo enfocado de Turbulencias | ||
| 505 | _aEl Color de la LLuvia | ||
| 505 | _aMatisse y el Eurocentrismo | ||
| 505 | _aQue tRATA DE EL GATO Y SU ESPECIE | ||
| 505 | _aEL Güegüense Ejemplo de Cultura Popular Nicaragüense | ||
| 505 | _aBoleros | ||
| 505 | _aCreo que nuestros artistas han dejado el Arte por el Caramanchel | ||
| 505 | _aTarántula Theraphosidae | ||
| 505 | _aEl Bello pájaro de la noche | ||
| 505 | _aLa Dicha se envuelve en Tusa | ||
| 505 | _aMetodología para la crítica de las artes visuales | ||
| 505 | _aVieja del Lago | ||
| 505 | _aViejita Necia | ||
| 505 | _aQuarto Cardo | ||
| 505 | _aEl Poder de los símbolos | ||
| 505 | _aImagen | ||
| 505 | _aMilagros Terán La Rebelión Continua | ||
| 505 | _aOcurrencias y Veredictos | ||
| 505 | _aFin | ||
| 650 |
_2Tesauro de Arte & Arquitectura _aARTE |
||
| 650 |
_2Tesauro de Arte & Arquitectura _aCULTURA |
||
| 650 |
_2Tesauro de Arte & Arquitectura _aLITERATURA |
||
| 700 | 1 |
_aSvankmajer. _eilustrador. _95749 |
|
| 942 |
_2ddc _c1 _h700 _iJ91a _n0 |
||
| 999 |
_c3965 _d3965 |
||